IIHF Member National Associations - Statistics

General Stats
  • This quiz has been taken 65 times
  • The average score is 55 of 76
Answer Stats
Hint Answer % Correct
North America Canada
98%
Europe Sweden
96%
North America United States
96%
Oceania Australia
93%
Europe Finland
93%
Asia Korea
93%
North America Mexico
93%
Europe Norway
93%
Europe Slovakia
93%
Asia China
91%
Europe Germany
91%
Europe Great Britain
91%
Europe Russia
91%
South America Argentina
89%
Europe Austria
89%
Europe Denmark
89%
Asia Japan
89%
Europe Slovenia
89%
South America Brazil
87%
Europe France
87%
Europe Italy
87%
Asia Kazakhstan
87%
Europe Belgium
84%
Europe Czech Republic
84%
Europe Latvia
84%
Europe Spain
84%
Europe Ukraine
84%
Europe Belarus
82%
Europe Estonia
82%
Europe Luxembourg
82%
Europe Netherlands
82%
Europe Poland
82%
Asia DPR Korea
80%
Europe Ireland
80%
Europe Lithuania
80%
Oceania New Zealand
80%
Europe Croatia
78%
Europe Greece
78%
Europe Hungary
78%
Europe Romania
78%
Europe Serbia
78%
Europe Switzerland
78%
Asia Turkey
78%
Europe Bosnia & Herzegovina
73%
Europe Bulgaria
73%
Asia India
73%
Europe Iceland
71%
Europe Portugal
71%
Africa South Africa
71%
Asia Israel
67%
Europe Armenia
64%
South America Chile
64%
Europe Moldova
64%
Asia Azerbaijan
62%
Asia Mongolia
62%
Asia Georgia
60%
Asia United Arab Emirates
60%
Europe Andorra
58%
Asia Indonesia
56%
Europe Liechtenstein
56%
Asia Thailand
56%
Asia Kuwait
53%
Europe North Macedonia
51%
Asia Chinese Taipei
49%
Asia Philippines
49%
Asia Kyrgyzstan
47%
Asia Qatar
47%
Asia Turkmenistan
47%
North America Jamaica
44%
Asia Malaysia
44%
Asia Singapore
44%
Africa Morocco
33%
Asia Nepal
33%
Asia Hong Kong
29%
Asia Oman
29%
Asia Macau
18%
No matching quizzes found
Score Distribution
Percent of People with Each Score
Percentile by Number Answered
Your Score History
You have not taken this quiz